Microwave Devices and Circuit (Record no. 18658)

MARC details
000 -LEADER
fixed length control field 00460nam a22001937a 4500
005 - DATE AND TIME OF LATEST TRANSACTION
control field 20230614134930.0
008 - FIXED-LENGTH DATA ELEMENTS--GENERAL INFORMATION
fixed length control field 230607b |||||||| |||| 00| 0 eng d
020 ## - INTERNATIONAL STANDARD BOOK NUMBER
ISBN 9788177583533
082 ## - DEWEY DECIMAL CLASSIFICATION NUMBER
Classification number 621.3813
Item number LIA-M
100 ## - MAIN ENTRY--AUTHOR
Author Name Liao.Samuel Y
245 ## - TITLE STATEMENT
Title Microwave Devices and Circuit
250 ## - EDITION STATEMENT
Edition statement 3rd
260 ## - PUBLICATION, DISTRIBUTION, ETC.
Date of publication, distribution, etc. 2017
Place of Publication India
Name of publisher, distributor, etc. Pearson
300 ## - PHYSICAL DESCRIPTION
Pages 561
500 ## - GENERAL NOTE
General note Includes Index
650 ## - SUBJECT ADDED ENTRY--TOPICAL TERM
Subject / Department Engineering
700 ## - ADDED ENTRY--PERSONAL NAME
Personal name Samuel Y.Liao
952 ## - LOCATION AND ITEM INFORMATION (KOHA)
-- 0
-- 0
Holdings
Lost status Damaged status Permanent Location Current Location Shelving Location Date acquired Full Call Number Accession No./Barcode Date last seen Copy number item type
    Superior Information Resource Center (SIRC) Superior University- Main Campus Superior Information Resource Center (SIRC) Superior University- Main Campus Engineering 06/07/2023 621.3813 LIA-M 2017 15397 06/07/2023 1 BOOK

Powered by Koha